Mai più senza : piccola enciclopedia del perfetto marziano /

Gespeichert in:
Bibliographische Detailangaben
1. Verfasser: Canino, Fabio (Verfasst von)
Format: Buch
Sprache:Italienisch
Veröffentlicht: Milano : Salani, [2005!
Tags: Tag hinzufügen
Keine Tags, Fügen Sie das erste Tag hinzu!

MARC

LEADER 00000nam a22000007i 4500
001 IT\ICCU\TO0\1419818
003 ItRI
005 20240403182229.0
008 050706s2005 it |||||| ||||| |||||c
020 |a 8884515726 
040 |b ita  |c GP 
041 7 |a ita  |2 ISO-639-2 
100 1 |a Canino, Fabio  |0 IT\ICCU\CFIV\196382  |4 aut 
245 1 0 |a Mai più senza :  |b piccola enciclopedia del perfetto marziano /  |c Fabio Canino. 
260 |a Milano :  |b Salani,  |c [2005! 
300 |a 101 p. ;  |c 21 cm. 
942 |2 ddc  |c BK 
952 |0 0  |1 0  |2 ddc  |4 0  |6 853_920000000000000_CAN  |7 1  |9 1148  |a RM  |b RM  |d 2024-04-03  |l 0  |o 853.92 CAN  |p 678  |r 2024-04-03 18:22:53  |w 2024-04-03  |y BK 
981 1 |6 z01  |a i   |b xxxe  
982 1 |6 z01  |a n 
999 |c 1053  |d 1053